[Event "Online Olym Div2 E 2020"]
[Site "chess.com INT"]
[Date "2020.08.14"]
[Round "3.5"]
[Board "3"]
[White "Milovic, Aleksandra"]
[Black "Arakhamia-Grant, Ketevan"]
[Result "0-1"]
[WhiteTitle "WIM"]
[BlackTitle "GM"]
[WhiteElo "2198"]
[BlackElo "2380"]
[WhiteTeam "Montenegro"]
[BlackTeam "Scotland"]
[WhiteFideId "933988"]
[BlackFideId "13600168"]
[EventDate "2020.08.14"]
[EventType "team"]

1. Nc3 c5 2. Nf3 Nc6 3. d4 cxd4 4. Nxd4 Nf6 5. Bg5 e6 6. Qd2 d5 7. O-O-O Be7 8.
e4 O-O 9. Nxc6 bxc6 10. e5 Nd7 11. Bxe7 Qxe7 12. f4 Rb8 13. a3 Nc5 14. Qd4 a5
15. Na4 Ne4 16. Bd3 c5 17. Qe3 Bd7 18. Bxe4 Bxa4 19. Bf3 Rfc8 20. f5 c4 21. Qc3
Qg5+ 22. Kb1 Qxf5 23. Rhf1 Rb3 24. Qd4 Rcb8 25. Be4 Qxe4 26. Qxe4 Rxb2+ 27. Kc1
dxe4 28. Rd8+ Rxd8 29. Kxb2 Rd5 30. Kc3 Rxe5 0-1

[Event "Online Olym Div2 E 2020"]
[Site "chess.com INT"]
[Date "2020.08.14"]
[Round "3.5"]
[Board "4"]
[White "Cooke, Suzie G."]
[Black "Bacic, Kristina"]
[Result "1/2-1/2"]
[WhiteTitle "WFM"]
[WhiteElo "1915"]
[BlackElo "1856"]
[WhiteTeam "Scotland"]
[BlackTeam "Montenegro"]
[WhiteFideId "414930"]
[BlackFideId "16500245"]
[EventDate "2020.08.14"]
[EventType "team"]

1. d4 d5 2. Bf4 c6 3. e3 Nf6 4. Bd3 Bg4 5. Nf3 e6 6. Nbd2 Bd6 7. Bg5 h6 8. Bh4
Nbd7 9. O-O Qc7 10. Bg3 e5 11. dxe5 Nxe5 12. Be2 Nxf3+ 13. Bxf3 h5 14. Bxd6 Qxd6
15. e4 dxe4 16. Re1 O-O-O 17. Nxe4 Qxd1 18. Bxd1 Bxd1 19. Nxf6 Bxc2 20. Ne4 Bxe4
21. Rxe4 Rhe8 22. Rxe8 Rxe8 23. Kf1 Kc7 24. Rd1 Re5 25. f4 Rd5 26. Re1 Kd7 27.
Re2 Rf5 28. g3 g5 29. Re4 gxf4 30. gxf4 Rd5 31. Ke2 f5 32. Ra4 a6 33. Ke3 Kd6
34. Ra3 c5 35. Rc3 Rd4 36. b3 b5 37. Rc2 Kd5 38. Rg2 Re4+ 39. Kf3 Kd4 40. Rd2+
Kc3 41. Rd5 c4 42. bxc4 bxc4 43. Rxf5 Re8 44. Rxh5 Kb2 45. Re5 Rxe5 46. fxe5 c3
47. e6 c2 48. e7 c1=Q 49. e8=Q Qf1+ 50. Kg3 Kxa2 51. Qa4+ Kb2 52. Qb4+ 1/2-1/2

[Event "Online Olym Div2 E 2020"]
[Site "chess.com INT"]
[Date "2020.08.14"]
[Round "3.5"]
[Board "5"]
[White "Alivodic, Dario"]
[Black "Shafi, Declan"]
[Result "0-1"]
[WhiteElo "2103"]
[BlackElo "2166"]
[WhiteTeam "Montenegro"]
[BlackTeam "Scotland"]
[WhiteFideId "16501632"]
[BlackFideId "2405156"]
[EventDate "2020.08.14"]
[EventType "team"]

1. d4 Nf6 2. c4 g6 3. Nc3 d5 4. cxd5 Nxd5 5. e4 Nxc3 6. bxc3 Bg7 7. Bc4 c5 8.
Ne2 O-O 9. Be3 Nc6 10. Qd2 b6 11. O-O Bb7 12. h4 Rc8 13. Rac1 Qd7 14. h5 Rfd8
15. hxg6 hxg6 16. Bb5 e6 17. Rfd1 a6 18. Bxc6 Bxc6 19. f3 Ba4 20. Re1 Bb5 21. c4
cxd4 22. Bg5 f6 23. Bxf6 Bxf6 24. cxb5 d3 25. Nf4 g5 26. Nh5 Bd4+ 27. Kh1 Qe7
28. Rxc8 Rxc8 29. Qxd3 Be5 30. bxa6 g4 31. g3 Rc3 32. Qb5 Bxg3 33. Nxg3 Qh4+ 34.
Kg2 gxf3+ 35. Kf2 Qh2+ 36. Kf1 Qg2# 0-1

[Event "Online Olym Div2 E 2020"]
[Site "chess.com INT"]
[Date "2020.08.15"]
[Round "4.1"]
[Board "2"]
[White "Gourlay, Iain"]
[Black "Mieles Palau, Daniel"]
[Result "0-1"]
[WhiteTitle "FM"]
[BlackTitle "IM"]
[WhiteElo "2342"]
[BlackElo "2364"]
[WhiteTeam "Scotland"]
[BlackTeam "Ecuador"]
[WhiteFideId "2401533"]
[BlackFideId "3600467"]
[EventDate "2020.08.14"]
[EventType "team"]

1. c4 e6 2. g3 d5 3. Nf3 dxc4 4. Qa4+ Nd7 5. Bg2 a6 6. Qxc4 b5 7. Qb3 Bb7 8. O-O
c5 9. d3 Ngf6 10. Nc3 Be7 11. a4 c4 12. dxc4 Nc5 13. Qd1 b4 14. Nb1 Qxd1 15.
Rxd1 Nb3 16. Ra2 Be4 17. Nfd2 O-O-O 18. Re1 Bxg2 19. Kxg2 Na5 20. b3 Nd7 21. Bb2
f6 22. Bd4 e5 23. Be3 Bc5 24. Ne4 Bxe3 25. fxe3 Kc7 26. Rd2 f5 27. Ng5 Nc5 28.
Nf7 Rxd2 29. Nxd2 Re8 30. Nf3 Nc6 31. Rd1 Re7 32. Rd5 Nd7 33. Nd6 g6 34. Rd2 Nc5
35. Rd5 Nxb3 36. Nd2 Nc1 37. Kf2 b3 38. c5 Nb4 39. Nxb3 Nxb3 40. Rd1 Nxc5 41. a5
Rd7 42. Ne8+ Kd8 43. Rxd7+ Nxd7 44. Nd6 Nc6 45. Nc4 Ke7 46. Ke1 Ke6 0-1

[Event "Online Olym Div2 E 2020"]
[Site "chess.com INT"]
[Date "2020.08.15"]
[Round "4.1"]
[Board "4"]
[White "Roy, Ali"]
[Black "Nunez Giler, Fanny"]
[Result "1/2-1/2"]
[BlackTitle "WFM"]
[WhiteElo "1878"]
[BlackElo "1760"]
[WhiteTeam "Scotland"]
[BlackTeam "Ecuador"]
[WhiteFideId "2400456"]
[BlackFideId "3610268"]
[EventDate "2020.08.14"]
[EventType "team"]

1. Nf3 Nf6 2. g3 g6 3. Bg2 Bg7 4. O-O d5 5. d4 O-O 6. b3 c5 7. Bb2 cxd4 8. Bxd4
Nc6 9. Bb2 Bf5 10. Na3 Rc8 11. c4 dxc4 12. Nxc4 b5 13. Ne3 Be4 14. Bh3 e6 15.
Nd2 Bd5 16. Nxd5 Nxd5 17. Bxg7 Kxg7 18. Rc1 Qa5 19. Ne4 Rfd8 20. Qc2 b4 21. Qb2+
Kg8 22. Rfd1 Nce7 23. Rxc8 Rxc8 24. Nd6 Rf8 25. Nc4 Qc5 26. Ne5 Qa5 27. Nc4 Qc5
28. Ne5 Qa5 29. Nc4 1/2-1/2

[Event "Online Olym Div2 E 2020"]
[Site "chess.com INT"]
[Date "2020.08.15"]
[Round "4.1"]
[Board "5"]
[White "Mendoza Criollo, Carlos David"]
[Black "Shafi, Declan"]
[Result "1/2-1/2"]
[WhiteTitle "CM"]
[WhiteElo "2058"]
[BlackElo "2166"]
[WhiteTeam "Ecuador"]
[BlackTeam "Scotland"]
[WhiteFideId "3618323"]
[BlackFideId "2405156"]
[EventDate "2020.08.14"]
[EventType "team"]

1. d4 Nf6 2. c4 g6 3. Nc3 d5 4. Qb3 dxc4 5. Qxc4 Be6 6. Qb5+ Bd7 7. Qd3 c5 8. d5
b5 9. Nxb5 Na6 10. e4 Nb4 11. Qc4 a6 12. Na3 e6 13. Nf3 exd5 14. exd5 Bd6 15.
Be2 O-O 16. O-O Nbxd5 17. Bg5 Be6 18. Qh4 Be7 19. Rad1 Re8 20. Bc4 Qc7 21. Rfe1
Rad8 22. Bxd5 Nxd5 23. Bxe7 Qxe7 24. Qh6 Qf8 25. Qxf8+ Rxf8 26. Ng5 1/2-1/2

[Event "Online Olym Div2 E 2020"]
[Site "chess.com INT"]
[Date "2020.08.15"]
[Round "4.1"]
[Board "6"]
[White "Espinosa Cancino, Monica"]
[Black "Ortiz Verdezoto, Anahi"]
[Result "0-1"]
[BlackTitle "WIM"]
[WhiteElo "1666"]
[BlackElo "2013"]
[WhiteTeam "Scotland"]
[BlackTeam "Ecuador"]
[WhiteFideId "22253025"]
[BlackFideId "3614581"]
[EventDate "2020.08.14"]
[EventType "team"]

1. d4 d5 2. Nf3 Nf6 3. g3 Bf5 4. Bg2 e6 5. O-O h6 6. c4 c6 7. cxd5 exd5 8. Nc3
Be7 9. Re1 O-O 10. Nd2 Nbd7 11. e4 dxe4 12. Ndxe4 Nxe4 13. Nxe4 Nf6 14. Nxf6+
Bxf6 15. d5 c5 16. Qb3 Qd7 17. Be3 Rac8 18. Rac1 b6 19. a4 Rb8 20. Bf4 Rb7 21.
Bf1 g5 22. Bb5 Qd8 23. Be5 Re7 24. Bxf6 Rxe1+ 25. Rxe1 Qxf6 26. Qc3 Kg7 27. d6
Qxc3 28. bxc3 Rd8 29. d7 Be6 30. f4 gxf4 31. gxf4 Kf6 32. Kf2 Bxd7 33. Rd1 Ke6
34. f5+ Ke7 35. f6+ Ke6 36. Rd2 a6 37. Bxd7+ Rxd7 38. Rb2 Rd6 39. Re2+ Kxf6 40.
Rb2 a5 41. Ke3 Ke5 42. Kf2 Ke4 43. Re2+ Kd3 44. Re7 Rf6+ 45. Kg3 Kxc3 46. Re3+
Kb4 47. Re4+ c4 48. Re1 Kxa4 49. Ra1+ Kb5 50. Rb1+ Kc5 51. Rc1 b5 52. Re1 c3 53.
Rc1 Kc4 54. Re1 b4 55. Re4+ Kb3 56. Re1 c2 57. Rg1 Rg6+ 58. Kf2 Rxg1 59. Kxg1
c1=Q+ 0-1

[Event "Online Olym Div2 E 2020"]
[Site "chess.com INT"]
[Date "2020.08.15"]
[Round "4.2"]
[Board "1"]
[White "Adams, Michael"]
[Black "Djukic, Nikola"]
[Result "1/2-1/2"]
[WhiteTitle "GM"]
[BlackTitle "GM"]
[WhiteElo "2706"]
[BlackElo "2525"]
[WhiteTeam "England"]
[BlackTeam "Montenegro"]
[WhiteFideId "400041"]
[BlackFideId "922412"]
[EventDate "2020.08.14"]
[EventType "team"]

1. e4 c5 2. Nf3 d6 3. Bb5+ Nd7 4. Ba4 Nf6 5. O-O a6 6. c4 g6 7. Nc3 Bg7 8. d3
O-O 9. h3 b6 10. Rb1 Bb7 11. Re1 Rc8 12. a3 e6 13. Bf4 Qc7 14. Qd2 Ne5 15. Nxe5
dxe5 16. Bg5 Nh5 17. b4 Rb8 18. bxc5 bxc5 19. Rb3 Ba8 20. Reb1 Rxb3 21. Rxb3 Nf4
22. Ne2 Nxe2+ 23. Qxe2 Qa5 24. Bd7 Qc7 25. Ba4 Qa5 26. Bd7 Qc7 27. Ba4 1/2-1/2

[Event "Online Olym Div2 E 2020"]
[Site "chess.com INT"]
[Date "2020.08.15"]
[Round "4.2"]
[Board "2"]
[White "Draskovic, Luka"]
[Black "Jones, Gawain C B"]
[Result "0-1"]
[WhiteTitle "IM"]
[BlackTitle "GM"]
[WhiteElo "2472"]
[BlackElo "2670"]
[WhiteTeam "Montenegro"]
[BlackTeam "England"]
[WhiteFideId "944335"]
[BlackFideId "409561"]
[EventDate "2020.08.14"]
[EventType "team"]

1. c4 g6 2. Nc3 c5 3. g3 Bg7 4. Bg2 Nc6 5. e3 d6 6. Nge2 Nf6 7. O-O O-O 8. b3
Bf5 9. Bb2 Nb4 10. Nf4 e5 11. Nfd5 Bd3 12. Nxf6+ Bxf6 13. Bxb7 Rb8 14. Be4 Bxf1
15. Qxf1 Bg7 16. Nd5 f5 17. Nxb4 Rxb4 18. Bd5+ Kh8 19. d3 Qe7 20. Qe2 Rbb8 21.
Kg2 Rbe8 22. Bc6 f4 23. exf4 exf4 24. Qxe7 Rxe7 25. Bxg7+ Kxg7 26. Be4 f3+ 27.
Kf1 g5 28. h3 Re6 29. Ke1 Rh6 30. Kd2 Rxh3 31. Ke3 Rh6 32. Rb1 Rf7 33. b4 cxb4
34. Rxb4 Rh1 35. Bd5 Re1+ 36. Kd4 Rfe7 37. Bxf3 Rf1 38. Rb5 Rxf2 39. Be4 h6 40.
Rd5 Rf6 41. Rb5 g4 42. Rh5 Kf8 43. Rh4 Rg7 44. a4 Rg5 45. Rh2 Ra5 46. Bd5 Kg7
47. Rh4 Rxa4 48. Rxg4+ Rg6 49. Re4 Ra1 50. Re7+ Kf8 51. Rd7 a5 52. Rf7+ Ke8 53.
Ra7 Rxg3 54. Be4 Rg5 55. Rh7 h5 56. Rh6 a4 57. Rxd6 a3 58. Ra6 h4 59. c5 h3 60.
c6 h2 61. Ra8+ Ke7 62. c7 Rc1 63. c8=Q Rxc8 64. Rxc8 a2 65. Rc7+ Kd8 66. Ra7 Rg4
67. Rxa2 h1=Q 0-1

[Event "Online Olym Div2 E 2020"]
[Site "chess.com INT"]
[Date "2020.08.15"]
[Round "4.2"]
[Board "4"]
[White "Koljevic, Nikolina"]
[Black "Ciuksyte, Dagne"]
[Result "0-1"]
[BlackTitle "IM"]
[WhiteElo "1870"]
[BlackElo "2294"]
[WhiteTeam "Montenegro"]
[BlackTeam "England"]
[WhiteFideId "16503945"]
[BlackFideId "12800619"]
[EventDate "2020.08.14"]
[EventType "team"]

1. e4 c5 2. Nf3 e6 3. d4 cxd4 4. Nxd4 a6 5. Nc3 Qc7 6. Qf3 Nf6 7. Qg3 Qxg3 8.
hxg3 Bb4 9. Bd3 Nc6 10. Nxc6 bxc6 11. f3 d5 12. exd5 cxd5 13. Bd2 Rb8 14. O-O-O
a5 15. Bf4 Ra8 16. Be5 Bd7 17. g4 Ke7 18. g5 Ne8 19. Bxh7 f6 20. gxf6+ gxf6 21.
Bg3 Bxc3 22. bxc3 Rc8 23. Bd3 Nd6 24. Bxd6+ Kxd6 25. c4 Rxh1 26. Rxh1 dxc4 27.
Be2 Ke5 28. Rh4 c3 29. Re4+ Kd5 30. g4 Rh8 31. Bc4+ Kc5 32. Kd1 Bc6 33. Rxe6
Bxf3+ 34. Ke1 Kxc4 35. Rxf6 Be4 36. g5 Bxc2 37. Rc6+ Kd4 38. Rd6+ Ke3 39. Re6+
Be4 0-1

[Event "Online Olym Div2 E 2020"]
[Site "chess.com INT"]
[Date "2020.08.15"]
[Round "4.2"]
[Board "5"]
[White "Willow, Jonah B"]
[Black "Pobor, Milo"]
[Result "0-1"]
[WhiteTitle "FM"]
[WhiteElo "2386"]
[BlackElo "2120"]
[WhiteTeam "England"]
[BlackTeam "Montenegro"]
[WhiteFideId "438804"]
[BlackFideId "16503589"]
[EventDate "2020.08.14"]
[EventType "team"]

1. e4 c5 2. Nf3 e6 3. d4 cxd4 4. Nxd4 Nc6 5. Nc3 Qc7 6. f4 a6 7. Nxc6 Qxc6 8.
Bd3 Bb4 9. Bd2 Nf6 10. Qe2 d5 11. exd5 Nxd5 12. Nxd5 Bxd2+ 13. Qxd2 Qxd5 14. Qb4
a5 15. Qc3 O-O 16. O-O-O Qxa2 17. Bb5 e5 18. Qxe5 Bg4 19. Rde1 Rac8 20. Bd3 Rfd8
21. h3 Be6 22. f5 Rxd3 23. c3 Bd7 24. Qe4 Rd6 25. Qe5 Qa1+ 26. Kc2 Ba4+ 27. b3
Qa2+ 28. Kc1 Qa3+ 29. Kb1 Qxb3+ 30. Ka1 Rd2 0-1

[Event "Online Olym Div2 E 2020"]
[Site "chess.com INT"]
[Date "2020.08.15"]
[Round "4.2"]
[Board "6"]
[White "Mosurovic, Milena"]
[Black "Jaufarally, Nadia"]
[Result "0-1"]
[WhiteElo "1397"]
[BlackElo "1905"]
[WhiteTeam "Montenegro"]
[BlackTeam "England"]
[WhiteFideId "16505514"]
[BlackFideId "443727"]
[EventDate "2020.08.14"]
[EventType "team"]

1. e4 c5 2. Nc3 d6 3. g3 g6 4. Bg2 Bg7 5. d3 Nc6 6. Be3 e5 7. Qd2 Nf6 8. f4 Ng4
9. Nf3 Nxe3 10. Qxe3 Nd4 11. Rc1 O-O 12. O-O Bd7 13. Nd1 Bh6 14. c3 Ne6 15. Ne1
exf4 16. gxf4 Qf6 17. Qf2 Qxf4 18. Qxf4 Nxf4 19. Rc2 Nxg2 20. Kxg2 Rae8 21. Nf3
f5 22. exf5 Bxf5 23. Nf2 Re3 24. Rd1 Rxf3 25. Kxf3 Bxd3+ 26. Kg3 Bxc2 27. Re1
Bf4+ 28. Kg2 Be5 29. Ng4 Bf6 30. Rf1 Bg7 31. Re1 h5 32. Nf2 Be5 33. Nh3 Kg7 34.
Re2 Bf5 35. Ng5 Bf4 36. Nf3 Bg4 37. Rf2 Be3 38. Rf1 Bxf3+ 39. Rxf3 Rxf3 40. Kxf3
Bc1 41. b3 Kf6 0-1

[Event "Online Olym Div2 E 2020"]
[Site "chess.com INT"]
[Date "2020.08.15"]
[Round "4.3"]
[Board "1"]
[White "Erdos, Viktor"]
[Black "Ruiz Castillo, Joshua Daniel"]
[Result "1/2-1/2"]
[WhiteTitle "GM"]
[BlackTitle "GM"]
[WhiteElo "2618"]
[BlackElo "2498"]
[WhiteTeam "Hungary"]
[BlackTeam "Colombia"]
[WhiteFideId "719978"]
[BlackFideId "4400704"]
[EventDate "2020.08.14"]
[EventType "team"]

1. Nf3 Nf6 2. c4 e6 3. Nc3 d5 4. e3 Be7 5. b3 c5 6. cxd5 Nxd5 7. Nxd5 Qxd5 8.
Bb2 O-O 9. Bc4 Qh5 10. g4 Qg6 11. Ne5 Qh6 12. h4 Nd7 13. g5 Bxg5 14. Ng4 Qh5 15.
Be2 Be7 16. Nf6+ Bxf6 17. Bxh5 Bxb2 18. Rb1 Bf6 19. Bf3 Rb8 20. Be4 b6 21. Qh5
h6 22. Rg1 Kh8 23. Qe2 Bb7 24. Bxb7 Rxb7 25. b4 Rc7 26. bxc5 Nxc5 27. Rg4 e5 28.
Kf1 Rd8 29. d4 exd4 30. exd4 Ne6 31. Rd1 Nxd4 1/2-1/2

[Event "Online Olym Div2 E 2020"]
[Site "chess.com INT"]
[Date "2020.08.15"]
[Round "4.3"]
[Board "2"]
[White "Barrientos, Sergio E"]
[Black "Balog, Imre"]
[Result "0-1"]
[WhiteTitle "GM"]
[BlackTitle "GM"]
[WhiteElo "2457"]
[BlackElo "2567"]
[WhiteTeam "Colombia"]
[BlackTeam "Hungary"]
[WhiteFideId "4401824"]
[BlackFideId "728446"]
[EventDate "2020.08.14"]
[EventType "team"]

1. d4 d5 2. c4 c6 3. Nf3 Nf6 4. Nc3 a6 5. Qc2 dxc4 6. e4 b5 7. Be2 Bg4 8. Be3 e6
9. O-O Nbd7 10. b3 b4 11. e5 Bf5 12. Qc1 Ng4 13. Nd1 c3 14. Bg5 Be7 15. Bxe7
Qxe7 16. a3 c5 17. h3 cxd4 18. hxg4 d3 19. gxf5 dxe2 20. Re1 exd1=Q 21. Rxd1
exf5 22. axb4 O-O 23. Qxc3 Rfc8 24. Qd4 Nf8 25. Qd6 Qb7 26. Nd4 g6 27. e6 fxe6
28. Nxe6 Rc6 29. Nc5 Rxd6 30. Nxb7 Rb6 31. Nc5 Rxb4 32. Ra5 Rc8 33. Rd5 Rc6 34.
g3 Kg7 35. Kg2 h5 36. Rd3 Rbb6 37. Na4 Rb5 38. Rxb5 axb5 39. Nc3 Rc5 40. b4 Rc4
41. Nxb5 Rxb4 42. Nd6 Ne6 43. Re3 Kf6 44. Ne8+ Kf7 45. Nd6+ Ke7 46. Rd3 Rb8 47.
Nc4 Rb5 48. Re3 Kf6 49. Rd3 Rc5 50. Ne3 Rc6 51. f4 Ke7 52. Nd5+ Kf7 53. Ne3 Rc7
54. Ra3 h4 55. Nd5 Rd7 56. Ra5 hxg3 57. Kxg3 Nd4 58. Nb6 Rb7 59. Nc4 Rb3+ 60.
Kg2 Ne2 61. Ne5+ Kg7 62. Ra4 Kh6 63. Kf2 Rb2 64. Kf3 Ng1+ 65. Kg3 Rb6 66. Ra8
Ne2+ 67. Kf3 Nd4+ 68. Ke3 Ne6 69. Re8 Rb3+ 70. Ke2 Nxf4+ 71. Kd2 Kg5 72. Rg8 Kf6
73. Nd7+ Kf7 74. Rd8 Rd3+ 75. Kc2 Ke7 0-1

[Event "Online Olym Div2 E 2020"]
[Site "chess.com INT"]
[Date "2020.08.15"]
[Round "4.3"]
[Board "3"]
[White "Hoang, Thanh Trang"]
[Black "Castrillon Gomez, Melissa"]
[Result "1/2-1/2"]
[WhiteTitle "GM"]
[BlackTitle "WIM"]
[WhiteElo "2407"]
[BlackElo "2211"]
[WhiteTeam "Hungary"]
[BlackTeam "Colombia"]
[WhiteFideId "12400149"]
[BlackFideId "4402413"]
[EventDate "2020.08.14"]
[EventType "team"]

1. d4 d5 2. Bf4 Nf6 3. e3 c5 4. Nf3 Nc6 5. c3 Qb6 6. Qc2 g6 7. Nbd2 Bf5 8. dxc5
Qxc5 9. Qb3 Na5 10. Qb5+ Qxb5 11. Bxb5+ Bd7 12. Be2 Bg7 13. Ne5 O-O 14. Nxd7
Nxd7 15. O-O Rac8 16. Rfd1 Nb6 17. Rab1 Rfd8 18. h3 Nac4 19. Nxc4 Nxc4 20. e4 d4
21. cxd4 Rxd4 22. Rxd4 Bxd4 23. Rc1 Nb6 24. Rxc8+ Nxc8 25. b3 e5 26. Bg5 Nd6 27.
Bd3 Kg7 28. Kf1 f6 29. Bd2 Kf7 30. Bb4 Ke6 31. Ke2 Kd7 32. a4 Kc6 33. f3 a6 34.
Bd2 b5 35. Bh6 bxa4 36. bxa4 a5 37. Bg7 f5 38. exf5 Nxf5 39. Bf8 Bc5 40. Bxf5
Bxf8 41. Be6 g5 42. Kd3 Kd6 43. Bg8 Ke7 44. Bxh7 Kf6 45. Ke4 Bb4 46. Bg8 Be1 47.
Kd5 Bg3 48. Kc5 Be1 49. Kb5 Bd2 50. g3 Be1 51. Bh7 Kg7 52. Bf5 Kf6 53. Bg4 Bd2
54. h4 gxh4 55. gxh4 Kg6 56. Kc5 Be1 57. h5+ Kg5 58. Kd5 Bc3 59. Ke4 Bb2 60. Kd3
Ba3 61. Ke4 Bb2 62. Kd5 Bc3 63. Kc4 Bb2 64. Kd5 Bc3 1/2-1/2

[Event "Online Olym Div2 E 2020"]
[Site "chess.com INT"]
[Date "2020.08.15"]
[Round "4.3"]
[Board "4"]
[White "Franco Valencia, Angela"]
[Black "Papp, Petra"]
[Result "0-1"]
[WhiteTitle "WIM"]
[BlackTitle "WGM"]
[WhiteElo "2089"]
[BlackElo "2338"]
[WhiteTeam "Colombia"]
[BlackTeam "Hungary"]
[WhiteFideId "4403070"]
[BlackFideId "739049"]
[EventDate "2020.08.14"]
[EventType "team"]

1. e4 c6 2. d4 d5 3. Nc3 dxe4 4. Nxe4 Nf6 5. Nxf6+ exf6 6. Nf3 Bd6 7. Bd3 O-O 8.
O-O Bg4 9. h3 Bh5 10. c3 Re8 11. g4 Bg6 12. Bxg6 hxg6 13. Re1 Nd7 14. Rxe8+ Qxe8
15. Qd3 Nf8 16. Bd2 Qd7 17. Re1 g5 18. Qe4 g6 19. c4 Ne6 20. d5 cxd5 21. Qxd5
Rd8 22. Qe4 Bf4 23. Bc3 Kg7 24. a3 Rh8 25. Kg2 Bb8 26. Bd2 Re8 27. Qd5 Qc7 28.
Be3 Rc8 29. b3 b6 30. a4 Rd8 31. Qe4 Qc8 32. Kg1 Bf4 33. Kg2 Bxe3 34. fxe3 Nc5
35. Qc2 Qc6 36. Rd1 Re8 37. Kf2 Ne4+ 38. Kg2 Qc7 39. Ng1 Qg3+ 40. Kf1 Qxe3 41.
Rd3 Qf4+ 42. Kg2 Nc5 43. Rf3 Qe5 44. Qc3 Qxc3 45. Rxc3 Re1 46. Nf3 Re2+ 47. Kf1
Rb2 48. Nd4 a5 49. Re3 Kf8 50. Kg1 f5 51. gxf5 gxf5 52. Nxf5 Rxb3 53. Re5 Rxh3
54. Rd5 Ne6 55. Rb5 Rf3 56. Kg2 g4 57. Nh4 Nf4+ 58. Kg1 Rc3 59. Rxb6 Rxc4 60.
Rb8+ Ke7 61. Rb5 Rxa4 62. Rg5 Ng6 63. Nxg6+ fxg6 64. Rxg6 Rb4 65. Kg2 a4 66. Kg3
Kd7 67. Rh6 Kc7 68. Rg6 Kb7 69. Kg2 a3 70. Rg5 Ra4 71. Rg7+ Kc6 72. Rg6+ Kd7 73.
Rg7+ Ke6 74. Rg6+ Kf5 75. Rh6 a2 76. Rh5+ Kf4 0-1

[Event "Online Olym Div2 E 2020"]
[Site "chess.com INT"]
[Date "2020.08.15"]
[Round "4.3"]
[Board "6"]
[White "Toro Castaneda, Elizabeth"]
[Black "Gaal, Zsoka"]
[Result "0-1"]
[WhiteTitle "CM"]
[BlackTitle "WFM"]
[WhiteElo "1989"]
[BlackElo "2221"]
[WhiteTeam "Colombia"]
[BlackTeam "Hungary"]
[WhiteFideId "4429559"]
[BlackFideId "777765"]
[EventDate "2020.08.14"]
[EventType "team"]

1. e4 c5 2. Nf3 e6 3. d4 cxd4 4. Nxd4 Nc6 5. Nc3 Qc7 6. g3 a6 7. Bg2 Nf6 8. O-O
Nxd4 9. Qxd4 Bc5 10. Qd3 Ng4 11. h3 Ne5 12. Qe2 b5 13. Kh1 Bb7 14. f4 Nc6 15.
Be3 Bxe3 16. Qxe3 O-O 17. Rad1 d6 18. a3 Na5 19. g4 Nc4 20. Qc1 Nxa3 21. f5 exf5
22. gxf5 f6 23. bxa3 Qxc3 24. Rxd6 Bxe4 25. Rd2 Qxh3+ 26. Kg1 Qe3+ 27. Kh2 Bxg2
28. Rxg2 Qxc1 29. Rxc1 Rac8 30. Rd1 Rfd8 31. Re1 Re8 32. Rd1 Rcd8 33. Rdg1 Re7
34. Rf1 Red7 35. Rff2 Kf7 36. Re2 g6 37. Re6 Rd6 38. Rge2 Rxe6 39. Rxe6 Rd2+ 40.
Kg3 Rxc2 41. Rxa6 gxf5 42. Rb6 Rc5 43. Rb8 Kg6 44. Rg8+ Kf7 45. Rb8 Ke6 46. Kf4
Rc4+ 47. Kf3 Rc3+ 48. Kf4 Rxa3 49. Rb6+ Kf7 50. Kxf5 Rf3+ 51. Kg4 Rb3 52. Kf5
Ke7 53. Rb7+ Kd6 54. Kxf6 Rf3+ 55. Kg5 Kc5 56. Rxh7 b4 57. Kg4 Rf8 58. Rc7+ Kd4
59. Rd7+ Kc3 60. Rc7+ Kb2 61. Rb7 b3 0-1

[Event "Online Olym Div2 E 2020"]
[Site "chess.com INT"]
[Date "2020.08.15"]
[Round "4.4"]
[Board "1"]
[White "Zambrana, Oswaldo"]
[Black "Pichot, Alan"]
[Result "1/2-1/2"]
[WhiteTitle "GM"]
[BlackTitle "GM"]
[WhiteElo "2438"]
[BlackElo "2630"]
[WhiteTeam "Bolivia"]
[BlackTeam "Argentina"]
[WhiteFideId "3300200"]
[BlackFideId "110973"]
[EventDate "2020.08.14"]
[EventType "team"]

1. e4 c5 2. Nf3 d6 3. d4 cxd4 4. Nxd4 Nf6 5. Nc3 Na6 6. Bg5 Nc5 7. Qe2 a6 8.
O-O-O Qa5 9. Bxf6 gxf6 10. Kb1 e6 11. g3 Bd7 12. f4 b5 13. Bg2 Rc8 14. Rhe1 Bg7
15. Nf5 exf5 16. exf5+ Kf8 17. Qe7+ Kg8 18. Nd5 Bxf5 19. Qe8+ Rxe8 20. Rxe8+ Bf8
21. Ne7+ Kg7 22. Nxf5+ Kg6 23. Nh4+ Kg7 24. Nf5+ Kg6 25. Nh4+ Kg7 26. Nf5+ 1/2-1/2

[Event "Online Olym Div2 E 2020"]
[Site "chess.com INT"]
[Date "2020.08.15"]
[Round "4.4"]
[Board "3"]
[White "Cordero, Daniela"]
[Black "Besso, Guadalupe"]
[Result "1/2-1/2"]
[WhiteTitle "WIM"]
[BlackTitle "WIM"]
[WhiteElo "2010"]
[BlackElo "2111"]
[WhiteTeam "Bolivia"]
[BlackTeam "Argentina"]
[WhiteFideId "3301630"]
[BlackFideId "123161"]
[EventDate "2020.08.14"]
[EventType "team"]

1. d4 d5 2. Nf3 Nf6 3. c4 c6 4. Qc2 g6 5. Bf4 dxc4 6. Qxc4 Bg7 7. e3 O-O 8. Bd3
Be6 9. Qc2 Nd5 10. Be5 Nb4 11. Qd1 Nxd3+ 12. Qxd3 Nd7 13. Bxg7 Kxg7 14. O-O Nb6
15. Qc2 Rc8 16. Nbd2 Qc7 17. b4 Nd5 18. Qb2 Qb6 19. a3 Kg8 20. Ng5 Bd7 21. Nc4
Qc7 22. Rac1 Qd8 23. Nf3 Bf5 24. Rfd1 Bg4 25. Nce5 Bxf3 26. Nxf3 Qd6 27. g3 Nf6
28. Qe2 Qd5 29. Rc5 Qb3 30. Rd3 Qe6 31. Ng5 Qd7 32. e4 h6 33. Nf3 Qh3 34. Rd1
Rfd8 35. Re5 Rd7 36. Rc5 Rcd8 37. Rc4 Ng4 38. Qf1 Qxf1+ 39. Kxf1 Nf6 40. Ne5 Rd6
41. f3 Nd7 42. Nxd7 R6xd7 43. Ke2 e5 44. Ke3 b5 45. Rxc6 exd4+ 46. Kd3 Kf8 47.
Rdc1 Rd6 48. Rxd6 Rxd6 49. Rc7 Ra6 50. Kxd4 Rxa3 51. f4 a6 52. Ra7 Ra2 53. Ke5
Kg7 54. f5 gxf5 55. exf5 Re2+ 56. Kf4 Rb2 57. Rxa6 Rxb4+ 58. Ke5 Rb2 59. Rb6
Rxh2 60. Rxb5 Rg2 61. Kf4 Rf2+ 62. Kg4 Ra2 63. Rb6 Ra4+ 64. Kh5 Ra5 65. g4 Rc5
66. Rxh6 f6 67. Rg6+ Kf7 68. Kh4 Rc3 69. Rh6 Kg7 70. Rg6+ Kf7 71. g5 fxg5+ 72.
Kxg5 Rc1 73. Kf4 Rf1+ 74. Ke5 Re1+ 75. Kd4 Rd1+ 76. Ke3 Re1+ 77. Kf2 Re5 78. Rg5
Kf6 79. Rh5 Rxf5+ 80. Rxf5+ Kxf5 1/2-1/2